Osobnosti Gemera-Malohontu -Slováci tohto kraja

Bibliographic Details
Main Author: Dragijský, Peter, 1950- (Author)
Other Authors: Bartová, Agáta (Photographer), Darovný, Matej (Photographer), Hronček, Ján (Photographer), Kubinec, Dušan, 1944- (Photographer), Pupala, Jozef (Photographer), Rajzinger, Jozef (Photographer), Slabej, Milan (Photographer), Tokár, Jozef (Photographer)
Format: Book
Language:Slovak
PhysicalDescription:281 strán fotografie, portréty 26 cm
Published: Rimavská Sobota Miestny odbor Matice slovenskej 2020
ISBN:9788057024354
Subjects:

MARC

LEADER 00000cam a2200000 4500
001 vtls012017449
003 SK-MaSNL
005 20260301104054.0
008 210310s2020 xo oc g 000 0cslo
015 |a SNBA2021/05 
020 |a 9788057024354  |q (viazané)  |z 9788081282645 
040 |a SNK  |b slo  |c SNK  |e rda 
041 0 |a slo 
043 |a e-xo--- 
044 |a xo  |c SK 
072 7 |a 929  |x Biografie  |2 konspekt 
080 |a 929-058.1-027.541  |2 2011 
080 |a 94(437.6)  |2 2011 
080 |a (092)  |2 2011 
100 1 |a Dragijský, Peter,  |d 1950-  |4 aut  |9 442218 
245 1 0 |a Osobnosti Gemera-Malohontu  |b -Slováci tohto kraja  |c Peter Dragijský ; fotografie : Agáta Bartová, Matej Darovný, Ján Hronček, Dušan Kubinec, Jozef Pupala, Jozef Rajzinger, Milan Slabej, Jozef Tokár 
246 3 0 |a Slováci tohto kraja 
264 1 |a Rimavská Sobota  |b Miestny odbor Matice slovenskej  |c 2020 
300 |a 281 strán  |b fotografie, portréty  |c 26 cm 
336 |a text  |b txt  |2 rdacontent 
337 |a bez média  |b n  |2 rdamedia 
338 |a zväzok  |b nc  |2 rdacarrier 
500 |a Obsahuje biografické údaje o autorovi 
504 |a Bibliografia na strane 278-280 
650 0 7 |a osobnosti regiónu  |2 SNKPH  |9 363817 
650 0 7 |a Regional celebrities  |2 SNKPHeng  |9 266494 
651 7 |a Gemer (Slovensko : región)  |x dejiny  |2 SNKPH  |9 442219 
651 7 |a Malohont (Gemer, Slovensko : región)  |x dejiny  |2 SNKPH  |9 442220 
651 7 |a Gemer (Slovakia : region)  |x history  |2 SNKPHeng  |9 442221 
651 7 |a Malohont (Gemer, Slovakia : region)  |x history  |2 SNKPHeng  |9 442222 
655 7 |a biografie  |2 SNKPH  |9 27965 
655 7 |a Biography  |2 SNKPHeng  |9 266314 
700 1 |a Bartová, Agáta  |4 pht  |9 333401 
700 1 |a Darovný, Matej  |4 pht  |9 442223 
700 1 |a Hronček, Ján  |4 pht  |9 291937 
700 1 |a Kubinec, Dušan,  |d 1944-  |4 pht  |9 14816 
700 1 |a Pupala, Jozef  |4 pht  |9 442224 
700 1 |a Rajzinger, Jozef  |4 pht  |9 442225 
700 1 |a Slabej, Milan  |4 pht  |9 334878 
700 1 |a Tokár, Jozef  |4 pht  |9 440476 
852 |a Štátna vedecká knižnica v Banskej Bystrici 
919 |a 978-80-570-2435-4 
958 |a BX 
958 |a NB 
999 |c 697174  |d 699104 
952 |a SNK  |b SNK  |y PREZ  |7 0  |p 17A1451682  |o snkSB 96447  |i snk2021/2967  |8 0  |0 0  |1 0  |4 0  |d 2021-04-13  |f 1  |l 0  |r 2025-05-19 00:00:00  |w 2026-02-23 
952 |a SNK  |b SNK  |y VYP  |7 0  |p 17A1451683  |o snkSB 96447 D1  |i snk2021/2968  |8 0  |0 0  |1 0  |4 0  |d 2021-04-13  |l 0  |r 2026-02-23 20:45:58  |w 2026-02-23